04022nam a22008297a 4500003000900000005001700009008004100026040002800067041001300095044000700108100002600115245011700141246002500258250001200283260004700295300004500342490002700387505001100414505002000425505005500445505005300500505005000553505007000603505005900673505008000732505006400812505004300876505008500919505006601004505005801070505007201128505003801200505003601238505003701274505006801311505006701379505006401446505007501510505007201585505004701657505001901704505004501723505002301768505004701791505009301838505011601931505003802047505009002085505007002175505006002245505005302305505011702358505003602475505005702511505006602568505004902634505005702683505002902740505005002769505002702819505003002846650002902876650003102905700004002936908000802976930001002984942001302994945002003007980004303027999001703070952010503087AR-RoUNA20251118080324.0251110b |||||||| |||| 00| 0 spa d aAR-RoUNAbspadAR-RoUNA aspaheng aag1 aGratwick, R.T.92755613aLa humedad en la construcciónb: sus causas y remedios /cR.T. Gratwick; traduccion por Rafael Luque Maldonado aDampness in Buildins a1a. ed. aBarcelona :bTecnicos asociados S.A,c1971 a334 p.:bfot. byn.bgráficosc25x18 cm aColeccion construccion0 tINDICE0 tPRIMERA PARTE .0 tCONDICIONES EN LOS SOTANOS Y EN LAS PLANTAS BAJAS.0 aProblema de los cuerpos y de su escrituras /p.110 aInteracciones fisicas entre los cuerpos /p.180 aReacciones interfaciales en las superficies de los cuerpos /p.250 aCapilaridad. Difusion del agua en los materiales /p.320 aInfluencia de los tratamientos de superficie sobre materiales porosos /p.390 aCondensaciones de vapor en los poros de los materiales/p.470 aMuros humedos y metodos antiguos/p.54 0 aSupresion de la causa de la humedad: Drenajes subterraneos y superficiales /p.600 aDrenajes subterraneos: Arquetas para agua en movimiento /p.690 aContencion simple en los sotanos semienterrados /p.770 aMejora delas condiciones de evaporacion en los muros humedos /p.830 aInsercion de capas estancas /p.910 aLos riesgos de los cortes /p.980 aDoblajes y revestimientos /p.1060 aTratamientos de los capilares. "Revestimientos y geles" /p.115 0 aImpermeabilizacion en profundidad: Infusion e inyeccion /p.1220 aProteccion de los sotanos: Inyeccion y revestimiento /p.1300 aProtecciones con asfalto.Secado ,impermeabilizacion, adherencia /p.1380 aArboles, plantas, plantas trepadoras: Tapado de las fisuras /p.146 0 aSolucion electrica: Electro-omosis /p.154 0 tSEGUNDA PARTE.0 tCONDENSACIONES Y PENETRACIONESDE SUBIDA.0 aEvaporacion /p.1670 aSuperficies. Temperaturas y humedad /p.1750 aDifusion del vapor de agua y del calor a traves de los elementos de construccion /p.1820 aCalculo de las perdidas termicas, delas temperaturas de superficies y de las temperaturas intersticiales /p.1890 aPenetracion o condensacion /p.2000 aTipos de ocupacion y superficies sucias que a veces son causa de condensacion /p.2120 aUtilizacion y empleo de los paravapores y de los aislantes /p.2210 aVentilacion natural y forzada: Deshumidificacion /p.2290 aCondensaciones en los conductos de humos /p.2400 aSoluciones a los desordenes provocados por las condensaciones en las chimeneas y en los conductos de humo /p.2500 aPenetracion en los muros /p.2650 aSoluciones a los problemas de penetraciones /p.2750 aPenetraciones no asociadas a la presencia de voladizos /p.2880 aJambas, antepechos y manchas aisladas /p.3020 aProteccion exterior y enlucidos superficiales /p.3180 aVertedero THOMSON /P.3220 aTermometros secos y humedo. Higometros /p.3240 aTermometro KATA /p.3290 aIndice alfabetico /p.333 4aHumedad en los edificios 4aConstruccionesxSoluciones1 aMaldonado, Rafael Luqueetra927559 aImp e12275 2ddccLIB aMIAd2025-11-10 61aMaricel Allasia85gMaría Machado c12233d12233 00102cdu405070aAR-RoUNAbAR-RoUNAcSalad2025-11-10eDonl0o697.931 G773p18419tej. 1yLIBx